[Event "Turkey IS Bank Super League 2017"]
[Site "Darica-Kocaeli"]
[Date "2017.08.03"]
[Round "9"]
[White "Ayazmali, Gizem"]
[Black "Yurdakul, Didem Nuray"]
[Result "1-0"]
[WhiteElo "1849"]
[BlackElo "1697"]
[Annotator "NA"]
[PlyCount "91"]
[EventType "team-tourn"]
[EventCountry "TUR"]
[SourceTitle "playchess.com"]
[Source "ChessBase"]
[SourceQuality "1"]
[TimeControl "40/5400+30:1800+30"]

1. Nf3 {[%emt 0:00:30]} d5 {[%emt 0:01:00]} 2. g3 {[%emt 0:00:30]} c6 {[%emt 0:00:30]} 3. Bg2 {[%emt 0:00:00]} Bg4 {[%emt 0:00:30]} 4. O-O {[%emt 0:02:00]} Nd7 {[%emt 0:01:30]} 5. d4 {[%emt 0:01:30]} Ngf6 {[%emt 0:01:30]} 6. c4 {[%emt 0:05:30]} e6 {[%emt 0:03:30]} 7. Bf4 {[%emt 0:04:30]} Be7 {[%emt 0:02:30]} 8. Nbd2 {[%emt 0:03:30]} O-O {[%emt 0:05:30]} 9. h3 {[%emt 0:07:30]} Bh5 $11 {[%emt 0:07:30] [%clk 1:11] LiveBook: 4 Games} 10. g4 {[%emt 0:06:30]} Bg6 {[%emt 0:00:30]} 11. Ne5 {[%emt 0:01:30]} Nxe5 {[%emt 0:11:30]} 12. dxe5 {[%emt 0:00:30]} Nd7 {[%emt 0:00:30]} 13. cxd5 {[%emt 0:02:30]} exd5 {[%emt 0:00:30]} 14. Bg3 {[%emt 0:04:30]} Bh4 {[%emt 0:10:30]} 15. Bxh4 {[%emt 0:05:30]} Qxh4 {[%emt 0:00:00]} 16. f4 {[%emt 0:00:30]} f5 {[%emt 0:08:00]} 17. g5 {[%emt 0:14:30]} Nc5 {[%emt 0:08:30]} 18. Rc1 {[%emt 0:04:30]} Ne6 {[%emt 0:05:30]} 19. e3 {[%emt 0:05:30]} h6 {[%emt 0:04:30]} 20. Nf3 {[%emt 0:03:30]} Qg3 {[%emt 0:02:30]} 21. gxh6 {[%emt 0:00:30]} gxh6 {[%emt 0:00:30]} 22. Qe1 {[%emt 0:01:30]} Qxe1 {[%emt 0:00:30]} 23. Rfxe1 {[%emt 0:00:30]} Kf7 {[%emt 0:00:30]} 24. Kf2 {[%emt 0:03:30]} Rg8 {[%emt 0:02:30]} 25. Bf1 {[%emt 0:02:32]} Rg7 {[%emt 0:02:30]} 26. Bd3 {[%emt 0:00:53]} Rag8 {[%emt 0:04:26]} 27. Rg1 {[%emt 0:02:15]} Bh7 {[%emt 0:03:13]} 28. Rxg7+ {[%emt 0:00:10]} Rxg7 {[%emt 0:01:11]} 29. Nh4 {[%emt 0:00:53]} d4 {[%emt 0:00:30]} 30. Nxf5 {[%emt 0:02:27]} dxe3+ {[%emt 0:03:10]} 31. Kxe3 {[%emt 0:00:13]} Bxf5 {[%emt 0:01:06]} 32. Bxf5 {[%emt 0:00:01]} Rg2 {[%emt 0:00:47]} 33. Rc2 {[%emt 0:00:44]} Rg3+ {[%emt 0:01:32]} 34. Kf2 {[%emt 0:00:25]} Rg7 {[%emt 0:01:21]} 35. Bxe6+ {[%emt 0:00:44]} Kxe6 {[%emt 0:00:30]} 36. Rd2 {[%emt 0:00:00]} Rf7 {[%emt 0:05:06]} 37. Rd6+ {[%emt 0:00:09]} Ke7 {[%emt 0:00:33]} 38. Kf3 {[%emt 0:00:08]} h5 {[%emt 0:01:09]} 39. Rh6 {[%emt 0:00:10]} Rg7 {[%emt 0:00:46]} 40. Rxh5 {[%emt 0:00:00]} Rg1 {[%emt 0:01:10]} 41. Rh7+ {[%emt 0:01:46]} Ke6 {[%emt 0:00:00]} 42. Rxb7 {[%emt 0:00:30]} Rf1+ {[%emt 0:00:00]} 43. Ke3 {[%emt 0:00:00]} Rh1 {[%emt 0:01:30]} 44. Rxa7 {[%emt 0:00:00]} Rxh3+ {[%emt 0:00:00]} 45. Ke4 {[%emt 0:00:30]} Rh5 {[%emt 0:01:00]} 46. f5+ {[%emt 0:00:30]} 1-0

[Event "Turkey IS Bank Super League 2017"]
[Site "Darica-Kocaeli"]
[Date "2017.08.03"]
[Round "9"]
[White "Kargaci, Humeyra"]
[Black "Sade, Defne"]
[Result "0-1"]
[WhiteElo "1737"]
[BlackElo "1654"]
[Annotator "NA"]
[PlyCount "64"]
[EventType "team-tourn"]
[EventCountry "TUR"]
[SourceTitle "playchess.com"]
[Source "ChessBase"]
[SourceQuality "1"]
[TimeControl "40/5400+30:1800+30"]

1. d4 {[%emt 0:00:30]} d5 {[%emt 0:01:00]} 2. Nf3 {[%emt 0:00:30]} Nf6 {[%emt 0:00:30]} 3. c4 {[%emt 0:00:30]} c6 {[%emt 0:00:00]} 4. Nc3 {[%emt 0:00:30]} dxc4 {[%emt 0:00:00]} 5. a4 {[%emt 0:00:30]} Bf5 {[%emt 0:00:30]} 6. e3 {[%emt 0:00:00]} e6 {[%emt 0:00:30]} 7. Bxc4 {[%emt 0:00:00]} Bb4 {[%emt 0:00:00]} 8. Qb3 {[%emt 0:00:30]} Qe7 {[%emt 0:01:00]} 9. Bd2 {[%emt 0:00:30]} a5 {[%emt 0:00:30]} 10. O-O {[%emt 0:00:30]} O-O {[%emt 0:00:30]} 11. Rfe1 {[%emt 0:02:30]} Bg6 {[%emt 0:00:30]} 12. Ne2 {[%emt 0:01:30]} Na6 {[%emt 0:04:30]} 13. Bxb4 {[%emt 0:02:30]} Nxb4 {[%emt 0:01:30]} 14. Rac1 {[%emt 0:00:00]} b5 {[%emt 0:12:30]} 15. axb5 {[%emt 0:02:00]} cxb5 {[%emt 0:00:30]} 16. Bxb5 {[%emt 0:00:00]} Rfb8 {[%emt 0:00:30]} 17. Nc3 {[%emt 0:03:00]} Nd3 {[%emt 0:02:30]} 18. Ne5 {[%emt 0:08:30]} Nxc1 {[%emt 0:01:30]} 19. Rxc1 {[%emt 0:00:00]} Qb4 {[%emt 0:00:30] [%clk 1:11]} 20. Qc4 {[%emt 0:17:00]} Qxb2 {[%emt 0:14:30]} 21. Rf1 {[%emt 0:00:30]} Nd5 {[%emt 0:06:30]} 22. Bc6 {[%emt 0:17:30]} Nxc3 {[%emt 0:11:30]} 23. Bxa8 {[%emt 0:01:30]} Rxa8 {[%emt 0:00:30]} 24. Qc6 {[%emt 0:02:30]} Be4 {[%emt 0:01:30]} 25. Qc7 {[%emt 0:00:30]} Ne2+ {[%emt 0:00:30]} 26. Kh1 {[%emt 0:00:00]} Qb7 {[%emt 0:01:30]} 27. Qxb7 {[%emt 0:00:00]} Bxb7 {[%emt 0:00:30]} 28. Ra1 {[%emt 0:00:30]} Bd5 {[%emt 0:00:30]} 29. Nd7 {[%emt 0:00:30]} a4 {[%emt 0:04:30]} 30. Nb6 {[%emt 0:01:30]} Ra6 {[%emt 0:00:30]} 31. Nxa4 {[%emt 0:00:30]} Nc3 {[%emt 0:01:30]} 32. Rc1 {[%emt 0:00:30]} Rxa4 {[%emt 0:00:00]} 0-1

[Event "Turkey IS Bank Super League 2017"]
[Site "Darica-Kocaeli"]
[Date "2017.08.03"]
[Round "9"]
[White "Aluc, Bulut Evrim"]
[Black "Avramidou, Anastasia"]
[Result "1-0"]
[WhiteElo "1699"]
[BlackElo "2247"]
[Annotator "NA"]
[PlyCount "89"]
[EventType "team-tourn"]
[EventCountry "TUR"]
[SourceTitle "playchess.com"]
[Source "ChessBase"]
[SourceQuality "1"]
[TimeControl "40/5400+30:1800+30"]

1. d4 {[%emt 0:00:30]} Nf6 {[%emt 0:01:00]} 2. Nf3 {[%emt 0:00:30]} e6 {[%emt 0:00:30]} 3. e3 {[%emt 0:00:00]} d5 {[%emt 0:00:30]} 4. b3 {[%emt 0:00:00]} Bb4+ {[%emt 0:00:30] D05: Colle System with ...e6} (4... b6 5. Bd3 Bb7 6. O-O Bd6 7. c4 O-O 8. Bb2 Nbd7 9. Nc3 a6 10. Qe2 Ne4 11. Rfd1 Qe7 12. Rac1 f5 13. h3 Rf7 14. Bb1 Raf8 15. a4 Rf6 16. Ne5 Nxe5 17. dxe5 Bxe5 18. Nxe4 Bxb2 19. Nxf6+ Qxf6 {1-0 (69) Bacrot,E (2695)-Cornette,M (2586) chess.com INT 2017}) 5. c3 {[%emt 0:01:30]} Be7 {[%emt 0:01:30]} 6. Bb2 {[%emt 0:01:30]} O-O {[%emt 0:00:30]} 7. Bd3 {[%emt 0:01:30]} b6 {[%emt 0:00:30]} 8. Nbd2 {[%emt 0:00:30]} Ba6 $146 {[%emt 0:01:30]} ({Predecessor:} 8... c5 9. O-O Ba6 10. c4 Nc6 11. Rc1 Rc8 12. Re1 Qc7 13. Ne5 Nb4 14. Bb1 dxc4 15. bxc4 Rfd8 16. Qa4 Bb7 17. a3 Nc6 18. Ndf3 {1-0 (26) Ivic,R-Stanetzek,C Cologne 1991}) 9. c4 {[%emt 0:12:30]} c5 {[%emt 0:07:30]} 10. Qe2 {[%emt 0:06:30]} Nc6 {[%emt 0:03:30]} 11. O-O {[%emt 0:00:30]} Rc8 {[%emt 0:01:30]} 12. a3 {[%emt 0:00:30]} Na5 {[%emt 0:07:30] [%clk 1:10]} 13. dxc5 {[%emt 0:05:30]} bxc5 {[%emt 0:04:30]} (13... dxc4 $11 14. bxc4 Rxc5) 14. Rab1 {[%emt 0:09:30]} Bb7 {[%emt 0:11:30]} 15. Ng5 {[%emt 0:15:30]} h6 {[%emt 0:07:30]} 16. Nh3 {[%emt 0:08:30]} Qd7 {[%emt 0:08:30]} 17. f3 {[%emt 0:07:30]} Rfd8 {[%emt 0:03:30]} 18. Nf2 {[%emt 0:01:30]} Nc6 {[%emt 0:05:30]} 19. f4 {[%emt 0:07:09]} Na5 {[%emt 0:07:30]} 20. Rfd1 {[%emt 0:04:48]} Qc7 {[%emt 0:06:21]} (20... Nc6 $1 $11) 21. Be5 {[%emt 0:01:33]} Qb6 {[%emt 0:00:05]} 22. Ng4 $14 {[%emt 0:02:40]} Qc6 {[%emt 0:07:58]} 23. Nxf6+ {[%emt 0:00:30]} Bxf6 {[%emt 0:00:30]} 24. Bxf6 {[%emt 0:00:30]} gxf6 {[%emt 0:01:40]} 25. Qh5 {[%emt 0:02:47]} Kf8 {[%emt 0:03:31]} 26. cxd5 {[%emt 0:02:57]} exd5 {[%emt 0:03:29]} 27. e4 {[%emt 0:01:43]} d4 {[%emt 0:03:30]} 28. Nf3 {[%emt 0:01:40]} Ke7 {[%emt 0:00:36]} 29. e5 {[%emt 0:00:25]} Rg8 {[%emt 0:00:50]} 30. Kh1 {[%emt 0:01:56]} f5 {[%emt 0:01:04]} 31. Bxf5 {[%emt 0:00:20]} Rcf8 {[%emt 0:00:28]} 32. Re1 {[%emt 0:00:26]} Rg7 {[%emt 0:00:32]} 33. b4 {[%emt 0:01:03]} cxb4 {[%emt 0:00:46]} 34. Rxb4 {[%emt 0:00:29]} Qc3 {[%emt 0:00:38]} 35. Qh4+ {[%emt 0:01:28]} Ke8 {[%emt 0:00:17]} 36. Qh5 {[%emt 0:00:33]} Rxg2 {[%emt 0:00:40]} 37. Rxb7 {[%emt 0:00:19]} Nxb7 {[%emt 0:00:14]} 38. e6 {[%emt 0:00:21]} Re2 {[%emt 0:00:49]} 39. Rxe2 {[%emt 0:00:20]} Qc1+ {[%emt 0:00:50]} 40. Re1 {[%emt 0:00:00]} Qxf4 {[%emt 0:30:22]} 41. exf7+ {[%emt 0:00:33]} Kd8 {[%emt 0:00:30]} 42. Re8+ {[%emt 0:00:30]} Kc7 {[%emt 0:00:30]} 43. Rxf8 {[%emt 0:00:30]} Qc1+ {[%emt 0:00:30]} 44. Ng1 {[%emt 0:01:30]} Nd6 {[%emt 0:00:00]} 45. Rc8+ {[%emt 0:00:30]} 1-0

[Event "Turkey IS Bank Super League 2017"]
[Site "Darica-Kocaeli"]
[Date "2017.08.04"]
[Round "10"]
[White "Tukhaev, Adam"]
[Black "Pantsulaia, Levan"]
[Result "1/2-1/2"]
[WhiteElo "2558"]
[BlackElo "2585"]
[Annotator "TA"]
[PlyCount "87"]
[EventType "team-tourn"]
[EventCountry "TUR"]
[SourceTitle "playchess.com"]
[Source "ChessBase"]
[SourceQuality "1"]

1. e4 c5 2. Nf3 e6 3. c3 Nf6 4. e5 Nd5 5. d4 cxd4 6. cxd4 b6 7. Bc4 Bb7 8. O-O Be7 9. Bxd5 Bxd5 10. Nc3 Na6 11. Nxd5 exd5 12. Bf4 O-O 13. Rc1 Nc7 14. Qa4 a5 15. Qb3 b5 16. Bg5 Bxg5 17. Nxg5 h6 18. Nf3 b4 19. Rc5 Ra7 20. a4 bxa3 21. bxa3 Qa8 22. Rb1 a4 23. Qb6 Ne6 24. Rc2 Ra6 25. Qb7 Rc6 26. Rxc6 dxc6 27. Qb6 Rc8 28. h4 c5 29. dxc5 Rxc5 30. Nd4 Qc8 31. Nxe6 fxe6 32. Kh2 Kh7 33. Qa7 Qf8 34. Rb4 Rc4 35. Rxc4 dxc4 36. Qxa4 Qf4+ 37. Kg1 Qc1+ 38. Kh2 h5 39. Qc6 Qf4+ 40. Kg1 Qc1+ 41. Kh2 c3 42. Qe4+ Kh6 43. Qc4 Kh7 44. Qe4+ 1/2-1/2

[Event "Turkey IS Bank Super League 2017"]
[Site "Darica-Kocaeli"]
[Date "2017.08.04"]
[Round "10"]
[White "Dastan, Muhammed Batuhan"]
[Black "Aydin, Hasan Bora"]
[Result "1-0"]
[WhiteElo "2529"]
[BlackElo "1978"]
[Annotator "TA"]
[PlyCount "33"]
[EventType "team-tourn"]
[EventCountry "TUR"]
[SourceTitle "playchess.com"]
[Source "ChessBase"]
[SourceQuality "1"]

1. e4 c5 2. Nf3 Nc6 3. c3 d5 4. exd5 Qxd5 5. d4 Bf5 6. Be3 O-O-O 7. Nbd2 Nf6 8. Bc4 Qd7 9. O-O e6 10. Bb5 Ng4 11. Nc4 Nxe3 12. fxe3 f6 13. b4 cxb4 14. cxb4 Kb8 15. Na5 Bxb4 16. Bxc6 bxc6 17. Qb3 1-0

[Event "Turkey IS Bank Super League 2017"]
[Site "Darica-Kocaeli"]
[Date "2017.08.04"]
[Round "10"]
[White "Ali Marandi, Cemil Can"]
[Black "Solak, Dragan"]
[Result "1/2-1/2"]
[WhiteElo "2526"]
[BlackElo "2624"]
[Annotator "TA"]
[PlyCount "205"]
[EventType "team-tourn"]
[EventCountry "TUR"]
[SourceTitle "playchess.com"]
[Source "ChessBase"]
[SourceQuality "1"]

1. d4 d5 2. c4 c6 3. cxd5 cxd5 4. Bg5 h6 5. Bh4 Qb6 6. Nc3 e6 7. Qd2 Ne7 8. e3 Nf5 9. Bg3 Nc6 10. Bd3 Nxg3 11. hxg3 Bd7 12. Rc1 Bd6 13. Nf3 Qd8 14. g4 Qe7 15. Kf1 O-O-O 16. g3 Kb8 17. Kg2 Rc8 18. a3 Ka8 19. b4 Nb8 20. e4 dxe4 21. Bxe4 Rhd8 22. Rhe1 Rc7 23. d5 e5 24. Bf5 Be8 25. Qe3 g6 26. Bb1 Bd7 27. b5 Bxg4 28. b6 Bxf3+ 29. Kxf3 axb6 30. Qxb6 Bc5 31. Qa5+ Na6 32. Kg2 Bxa3 33. d6 Qxd6 34. Nb5 Rxc1 35. Nxd6 Rxd6 36. Rxc1 Bxc1 37. Qxe5 Rb6 38. Bd3 Bb2 39. Qe3 Ka7 40. Qxh6 Nc5 41. Bc4 Ne4 42. Qe3 Nd6 43. Bd3 Bf6 44. Qe1 Kb8 45. Qe3 Bd8 46. Qd4 Bc7 47. Be2 Rc6 48. Bf3 Rc4 49. Qd3 Rc5 50. Bd5 Ra5 51. Bb3 Re5 52. Qd4 Rb5 53. Qh8+ Ka7 54. Qc3 Kb8 55. Bc2 Rb6 56. Qh8+ Ka7 57. Qg7 Kb8 58. Bd1 Rb5 59. Bf3 Ra5 60. Qh8+ Ka7 61. Qd4+ Kb8 62. Bd5 Rb5 63. Ba2 Ra5 64. Bb3 Rb5 65. Qe3 Rb6 66. Qf3 Rb5 67. Qe3 Rb6 68. Bd5 Rb2 69. Qe7 Rc2 70. Bxf7 Nxf7 71. Qxf7 Rc6 72. Qe8+ Ka7 73. f4 Ba5 74. Kf3 Bc3 75. g4 Ba1 76. g5 Bc3 77. Ke4 Ba1 78. Kd3 Rd6+ 79. Ke4 Rc6 80. Qf7 Bc3 81. Kd3 Ba1 82. Qd7 Ra6 83. Kc2 Rc6+ 84. Kb1 Bc3 85. Qd5 Kb8 86. Qd8+ Ka7 87. Qd7 Kb8 88. f5 gxf5 89. Qxf5 Ka7 90. Qf7 Ka8 91. g6 Bf6 92. g7 Bxg7 93. Qxg7 Ra6 94. Kb2 Rc6 95. Kb3 Ra6 96. Kb4 Rc6 97. Kb5 Ra6 98. Qf8+ Ka7 99. Qd8 Rc6 100. Qd7 Rb6+ 101. Kc5 Rc6+ 102. Qxc6 bxc6 103. Kxc6 1/2-1/2

[Event "Turkey IS Bank Super League 2017"]
[Site "Darica-Kocaeli"]
[Date "2017.08.04"]
[Round "10"]
[White "Vorontsov, Pavlo"]
[Black "Cheparinov, Ivan"]
[Result "1/2-1/2"]
[WhiteElo "2510"]
[BlackElo "2703"]
[Annotator "TA"]
[PlyCount "60"]
[EventType "team-tourn"]
[EventCountry "TUR"]
[SourceTitle "playchess.com"]
[Source "ChessBase"]
[SourceQuality "1"]

1. Nf3 f5 2. d4 Nf6 3. Bf4 b6 4. e3 Bb7 5. Be2 e6 6. O-O Be7 7. h3 O-O 8. c4 Kh8 9. Nc3 d6 10. b4 Ne4 11. Nxe4 fxe4 12. Nd2 e5 13. Bg3 exd4 14. exd4 Bf6 15. Rc1 Bxd4 16. Nxe4 Bb2 17. Rb1 Bxe4 18. Rxb2 Nc6 19. Rb3 Qf6 20. Re1 Rae8 21. Re3 Bg6 22. Rxe8 Rxe8 23. Bf3 Rxe1+ 24. Qxe1 Nd4 25. Bd1 h6 26. f3 Qf5 27. Qd2 Nc6 28. a3 Qd3 29. Qxd3 Bxd3 30. c5 dxc5 1/2-1/2

[Event "Turkey IS Bank Super League 2017"]
[Site "Darica-Kocaeli"]
[Date "2017.08.04"]
[Round "10"]
[White "Asadli, Vugar"]
[Black "Abasov, Nijat"]
[Result "0-1"]
[WhiteElo "2457"]
[BlackElo "2577"]
[Annotator "TA"]
[PlyCount "128"]
[EventType "team-tourn"]
[EventCountry "TUR"]
[SourceTitle "playchess.com"]
[Source "ChessBase"]
[SourceQuality "1"]

1. e4 c5 2. Nf3 d6 3. Nc3 Nf6 4. e5 dxe5 5. Nxe5 a6 6. a4 Nbd7 7. Nc4 e6 8. Be2 Nb6 9. Nxb6 Qxb6 10. O-O Bd7 11. d3 Rd8 12. Bf3 Bc6 13. Bxc6+ Qxc6 14. Bg5 Be7 15. Qe2 h6 16. Bh4 Rd4 17. Bxf6 Bxf6 18. Ne4 Be7 19. b3 O-O 20. Rfe1 Rfd8 21. Qf3 R8d7 22. Re2 Bd8 23. Nd2 R4d5 24. a5 Bf6 25. Ra4 Qc7 26. Nc4 Rd8 27. Ne3 Rd4 28. Rxd4 Bxd4 29. Nc4 Bc3 30. Qg3 Bxa5 31. Nxa5 Qxa5 32. h4 b5 33. Qe5 Rd5 34. Qe4 Qa1+ 35. Kh2 Qd4 36. g3 Qxe4 37. Rxe4 Kf8 38. Kg2 Ke7 39. Re1 Kd7 40. Kf3 Kc6 41. Ra1 Kb6 42. Ke3 a5 43. c4 Rd4 44. Rb1 h5 45. f4 f6 46. Kd2 e5 47. Ke3 a4 48. bxa4 b4 49. Rf1 Ka5 50. fxe5 fxe5 51. Rf5 b3 52. Rxe5 Kb4 53. Kd2 Rd8 54. Re6 Rb8 55. a5 Kxa5 56. Kc1 Rd8 57. Kd2 b2 58. Re1 Rb8 59. Kc2 Ka4 60. Rd1 Ka3 61. Kb1 Rd8 62. Rd2 Re8 63. Rd1 Kb3 64. Rf1 Ra8 0-1

[Event "Turkey IS Bank Super League 2017"]
[Site "Darica-Kocaeli"]
[Date "2017.08.04"]
[Round "10"]
[White "Atalik, Ekaterina"]
[Black "Mammadova, Gulnar"]
[Result "1/2-1/2"]
[WhiteElo "2445"]
[BlackElo "2357"]
[Annotator "TA"]
[PlyCount "179"]
[EventType "team-tourn"]
[EventCountry "TUR"]
[SourceTitle "playchess.com"]
[Source "ChessBase"]
[SourceQuality "1"]

1. d4 d5 2. c4 c6 3. Nf3 Nf6 4. Qb3 e6 5. Bg5 Nbd7 6. e3 Bd6 7. Nc3 O-O 8. Be2 b6 9. O-O Ba6 10. Rfd1 Rc8 11. Rac1 Bb8 12. Qa4 Bb7 13. cxd5 exd5 14. Qa3 Re8 15. Bh4 b5 16. Qb3 a5 17. Na4 Bd6 18. Nc5 Qb6 19. Qc2 Qa7 20. Nxd7 Nxd7 21. Qf5 Nf8 22. Bd3 Rc7 23. Bg3 Bc8 24. Qh5 Bxg3 25. hxg3 Re6 26. Qh4 Bd7 27. g4 Be8 28. g5 Qb8 29. g3 f6 30. Kg2 Bg6 31. Bxg6 Nxg6 32. Qg4 Qe8 33. Rh1 Nf8 34. gxf6 Rxf6 35. Ne5 c5 36. f4 c4 37. Qf3 Rd6 38. g4 b4 39. Kg3 c3 40. bxc3 bxc3 41. Rc2 Nd7 42. g5 Qe6 43. Qg4 Qxg4+ 44. Kxg4 Nb6 45. Rb1 a4 46. Rb5 Nd7 47. Nxd7 Rdxd7 48. Rc5 Kf7 49. R2xc3 Ra7 50. Rb5 g6 51. Kf3 Ra8 52. Rcc5 Ke6 53. Ra5 Rda7 54. Rc6+ Kd7 55. Rxa7+ Rxa7 56. Rf6 Ke7 57. e4 Rc7 58. exd5 Rc3+ 59. Ke4 Ra3 60. d6+ Ke8 61. Re6+ Kd8 62. Re7 Rxa2 63. Rxh7 Re2+ 64. Kf3 Rd2 65. Ke3 Rg2 66. Ra7 a3 67. Kf3 Rh2 68. Kg3 Rd2 69. Rxa3 Rxd4 70. Ra8+ Kd7 71. Ra7+ Kd8 72. Ra6 Kd7 73. Kg4 Rd3 74. Ra7+ Kd8 75. d7 Rd6 76. Rb7 Ke7 77. Ra7 Kd8 78. Kf3 Ke7 79. Rb7 Rxd7 80. Rb6 Kf7 81. Ke4 Re7+ 82. Kd5 Ra7 83. Rc6 Ra5+ 84. Kd6 Ra4 85. Rc7+ Kg8 86. Ke5 Ra5+ 87. Ke6 Rf5 88. Rc4 Kg7 89. Kd6 Kg8 90. Ke6 1/2-1/2

[Event "Turkey IS Bank Super League 2017"]
[Site "Darica-Kocaeli"]
[Date "2017.08.04"]
[Round "10"]
[White "Daulyte, Deimante"]
[Black "Karavade, Eesha"]
[Result "1-0"]
[WhiteElo "2419"]
[BlackElo "2397"]
[Annotator "TA"]
[PlyCount "59"]
[EventType "team-tourn"]
[EventCountry "TUR"]
[SourceTitle "playchess.com"]
[Source "ChessBase"]
[SourceQuality "1"]

1. e4 e6 2. d4 d5 3. Nd2 Nf6 4. e5 Nfd7 5. Bd3 c5 6. c3 Nc6 7. Ne2 cxd4 8. cxd4 f6 9. exf6 Nxf6 10. O-O Bd6 11. Nf3 Qc7 12. h3 O-O 13. Be3 Bd7 14. Re1 Rae8 15. Nc3 a6 16. Rc1 Qb8 17. Na4 e5 18. dxe5 Nxe5 19. Nxe5 Bxe5 20. Nc5 Bc8 21. Qb3 Kh8 22. Qb4 Qd6 23. f4 Ne4 24. fxe5 Qxe5 25. Nxe4 dxe4 26. Bd4 Qg3 27. Bxe4 Bxh3 28. Qc3 Qg5 29. Qxh3 Rxe4 30. Bxg7+ 1-0

[Event "Turkey IS Bank Super League 2017"]
[Site "Darica-Kocaeli"]
[Date "2017.08.04"]
[Round "10"]
[White "Ozer, Omer Faruk"]
[Black "Ererdem, Gani Eren"]
[Result "1-0"]
[WhiteElo "2411"]
[BlackElo "2090"]
[Annotator "TA"]
[PlyCount "99"]
[EventType "team-tourn"]
[EventCountry "TUR"]
[SourceTitle "playchess.com"]
[Source "ChessBase"]
[SourceQuality "1"]

1. e4 e5 2. Nf3 Nc6 3. Bc4 Nf6 4. d3 Be7 5. O-O d6 6. a4 O-O 7. Re1 Kh8 8. a5 a6 9. h3 Ng8 10. d4 f5 11. dxe5 fxe4 12. exd6 exf3 13. dxe7 Qxd1 14. Rxd1 Ngxe7 15. Be3 fxg2 16. Kxg2 Bf5 17. Nc3 Rfd8 18. Bf4 Bxc2 19. Rxd8+ Rxd8 20. Bxc7 Rc8 21. Bg3 Nd4 22. Re1 Nec6 23. Bd5 Bb3 24. Bc7 h6 25. Bb6 Bxd5+ 26. Nxd5 Kh7 27. Re3 Nf5 28. Re4 Nd6 29. Rf4 Re8 30. Nc3 Kg8 31. b3 Re6 32. Na4 Rg6+ 33. Kf1 Rg5 34. Bc5 Rd5 35. b4 Nb5 36. Rf8+ Kh7 37. Rf7 Nd8 38. Re7 Rd3 39. Kg2 Kg6 40. Nb6 Kf6 41. Nd7+ Kf5 42. Rxg7 Ke6 43. Re7+ Kf5 44. Ne5 Rb3 45. Ng4 h5 46. Ne3+ Kg6 47. Rd7 Ne6 48. Rxb7 Nf4+ 49. Kg3 Ne2+ 50. Kh4 1-0

[Event "Turkey IS Bank Super League 2017"]
[Site "Darica-Kocaeli"]
[Date "2017.08.04"]
[Round "10"]
[White "Ertan, Can"]
[Black "Benidze, Davit"]
[Result "0-1"]
[WhiteElo "2377"]
[BlackElo "2515"]
[Annotator "TA"]
[PlyCount "62"]
[EventType "team-tourn"]
[EventCountry "TUR"]
[SourceTitle "playchess.com"]
[Source "ChessBase"]
[SourceQuality "1"]

1. e4 g6 2. d4 Bg7 3. Nc3 d6 4. f4 a6 5. a4 Nf6 6. Nf3 O-O 7. e5 Nh5 8. Be3 c5 9. dxc5 dxe5 10. Nxe5 Bxe5 11. fxe5 Nc6 12. Bh6 Ng7 13. Qd2 Qxd2+ 14. Bxd2 Nb4 15. Bd3 Nxd3+ 16. cxd3 Rd8 17. O-O-O Bg4 18. Bg5 Bxd1 19. Rxd1 Rac8 20. Bxe7 Rd4 21. b3 Nf5 22. Bf6 Rxc5 23. Kd2 Rd7 24. Rb1 Rdc7 25. g4 Nd4 26. Ne4 Rd5 27. Bg5 Rc2+ 28. Ke3 Kg7 29. Bf6+ Kf8 30. Nd2 Nc6 31. Nc4 Rxh2 0-1

[Event "Turkey IS Bank Super League 2017"]
[Site "Darica-Kocaeli"]
[Date "2017.08.04"]
[Round "10"]
[White "Nomin-Erdene, Davaademberel"]
[Black "Arda, Cagil Irmak"]
[Result "1/2-1/2"]
[WhiteElo "2373"]
[BlackElo "2080"]
[Annotator "NA RC"]
[PlyCount "86"]
[EventType "team-tourn"]
[EventCountry "TUR"]
[SourceTitle "playchess.com"]
[Source "ChessBase"]
[SourceQuality "1"]

1. e4 c6 2. d4 d5 3. Nc3 dxe4 4. Nxe4 Bf5 5. Ng3 Bg6 6. h4 h6 7. Nf3 e6 8. Ne5 Bh7 9. Bd3 Bxd3 10. Qxd3 Nd7 11. f4 Bb4+ 12. c3 Bd6 13. Qe2 Ngf6 14. Bd2 Qc7 15. O-O-O O-O 16. Nxd7 Nxd7 17. Qf3 Nf6 18. Kb1 a5 19. Ne2 c5 20. g4 Qc6 21. Qxc6 bxc6 22. Rhg1 Ne4 23. Be3 c4 24. Ng3 Nxg3 25. Rxg3 a4 26. a3 Rab8 27. Ka2 Rb5 28. Rf3 h5 29. Rg1 g6 30. Rf2 hxg4 31. Rxg4 Be7 32. Re2 Rh5 33. Bf2 Bf6 34. Kb1 Kg7 35. Be1 Rfh8 36. Rh2 Be7 37. Bg3 f5 38. Rg5 Bxg5 39. fxg5 Kf7 40. Kc2 Rd8 41. Be5 Rh7 42. Rh1 Rd5 43. Rh2 Rd8 1/2-1/2

[Event "Turkey IS Bank Super League 2017"]
[Site "Darica-Kocaeli"]
[Date "2017.08.04"]
[Round "10"]
[White "Gokerkan, Cem Kaan"]
[Black "Unat, Can Haktan"]
[Result "1-0"]
[WhiteElo "2321"]
[BlackElo "2006"]
[Annotator "TA"]
[PlyCount "193"]
[EventType "team-tourn"]
[EventCountry "TUR"]
[SourceTitle "playchess.com"]
[Source "ChessBase"]
[SourceQuality "1"]

1. e4 c5 2. Nf3 e6 3. d4 cxd4 4. Nxd4 Nc6 5. Nc3 Qc7 6. f4 d6 7. Be3 Nf6 8. Qf3 a6 9. Be2 Bd7 10. a3 Rc8 11. O-O Be7 12. Qg3 O-O 13. Nxc6 Bxc6 14. Bd3 d5 15. exd5 Nxd5 16. Nxd5 Bxd5 17. Bd4 f6 18. Qh3 f5 19. Rae1 Bc5 20. Qe3 Rf6 21. Bxc5 Qxc5 22. Qxc5 Rxc5 23. Re5 b5 24. g3 h5 25. h4 Rc8 26. Rd1 Rd8 27. Kf2 Rf7 28. Be2 Rc8 29. c3 g6 30. Bf3 Bxf3 31. Kxf3 Rc6 32. Rd4 Rfc7 33. Ke3 Kf7 34. Rd8 Ke7 35. Rg8 Kf6 36. Rf8+ Ke7 37. Rh8 Kf6 38. Rf8+ Ke7 39. Rh8 Kf6 40. Rd8 Ke7 41. Rd4 Rb6 42. Kd3 Rcb7 43. Kc2 Rb8 44. Kb3 a5 45. Rd3 R8b7 46. Rc5 Ra6 47. Rc8 Raa7 48. Rc6 Kf7 49. Re3 Rd7 50. Rcxe6 Rd2 51. Re2 Rd3 52. R6e3 Rd6 53. Re5 Rb7 54. Kc2 Kf6 55. Rd2 Rdb6 56. Kb3 Kf7 57. Rd8 Kf6 58. Rf8+ Kg7 59. Ra8 a4+ 60. Kb4 Kf6 61. Rf8+ Kg7 62. Rd8 Kf6 63. Rdd5 Rc6 64. Rxb5 Rd7 65. Re3 Ra6 66. Ra5 Rb7+ 67. Kxa4 Rd6 68. b4 Rd2 69. Ra6+ Kf7 70. c4 Rd4 71. Rc3 Rd1 72. c5 Rb1 73. c6 Rc7 74. Rb6 Ke6 75. Rb7 Rc8 76. c7 Kd7 77. Rb8 Rxc7 78. Rxc7+ Kxc7 79. Rg8 Rg1 80. Rxg6 Ra1 81. Rg5 Rg1 82. Kb5 Kd6 83. Rxf5 Rxg3 84. a4 Rg4 85. Rxh5 Rxf4 86. a5 Rf7 87. a6 Kc7 88. Ka5 Rf1 89. Rh7+ Kc6 90. b5+ Kc5 91. Rc7+ Kd6 92. Rc6+ Kd7 93. h5 Ra1+ 94. Kb6 Rg1 95. h6 Rg8 96. Kb7 Rg5 97. b6 1-0

[Event "Turkey IS Bank Super League 2017"]
[Site "Darica-Kocaeli"]
[Date "2017.08.04"]
[Round "10"]
[White "Ozturk, Kubra"]
[Black "Kaplan, Ebru"]
[Result "1-0"]
[WhiteElo "2298"]
[BlackElo "2022"]
[Annotator "NA"]
[PlyCount "89"]
[EventType "team-tourn"]
[EventCountry "TUR"]
[SourceTitle "playchess.com"]
[Source "ChessBase"]
[SourceQuality "1"]

1. d4 Nf6 2. c4 g6 3. Nc3 Bg7 4. e4 d6 5. h3 O-O 6. Be3 c5 7. Nf3 Nfd7 8. Be2 Nc6 9. O-O a6 10. d5 Nce5 11. Nd2 Nf6 12. Qc2 Rb8 13. a4 Ne8 14. f4 Nd7 15. Nf3 Nc7 16. Rad1 b6 17. b3 Re8 18. Rd2 Rf8 19. Ng5 Ne8 20. Nd1 Nc7 21. Nf2 b5 22. Nd3 bxa4 23. bxa4 h6 24. Nf3 Nf6 25. Nf2 Nfe8 26. e5 Bf5 27. Bd3 Bxd3 28. Nxd3 a5 29. f5 gxf5 30. exd6 exd6 31. Nf4 Qd7 32. Nh4 Rb2 33. Qxf5 Qxf5 34. Nxf5 Rb4 35. Nh5 Rxc4 36. Nhxg7 Nxg7 37. Ne7+ Kh7 38. Rf6 Nge8 39. Rxh6+ Kg7 40. Nf5+ Kg8 41. Rd3 f6 42. Bxc5 Nxd5 43. Bxd6 Nxd6 44. Rg3+ Kf7 45. Nxd6+ 1-0